Регионална библиотека "Любен Каравелов" - Русе

Освободен (Запис номер 434385)

MARC детайли
000 -Лидер
Контролно поле с фиксирана дължина 00983nam a2200265 a 4500
003 - Код на организацията, давaща контролен номер
Контролно поле BLK
005 - Дата и час на последна редакция
Контролно поле 20250613120230.0
008 - Елементи от данни с фиксирана дължина
fixed length control field 211022b bul|||||r ||||||| ||bul||
020 ## - Международен стандартен номер на книга ISBN
Международен стандартен номер на книга ISBN 9786190300793
040 ## - Източник на каталожния запис
Идентификатор на билиотеката - собственик на записа BLK
041 ## - Код за език
Код за езика на текст/звукозапис или на отделно заглавие Български
Код за езика КДБФ Български
080 ## - УДК
Текстов определител УДК Английска литература
УДК код - определител по УДК 821.111
УДК определител -31
УДК - код + определител 821.111-31
100 1# - Редна дума - Автор
Автор Джеймс, Е. Л.
Авторска отговорност първи автор
R(LIN) 324309
139 ## - Редно поле
Редна дума Джеймс, Е. Л.
Авторски знак Дже - Д 50
245 10 - Сведения за заглавието
Заглавие Освободен
Подзаглавни данни роман
Редно поле (дума) Е. Л. Джеймс ; прев. Цветана Генчева.
257 ## - Страна на издаване
Страна на създаване/издаване Великобритания
260 ## - Област на издателските данни
Място на издаване, разпространение и проч. София
Име на издателя, разпространителя и проч. Бард
Година на издаване 2021
Печатница (София : Алианс принт)
300 ## - Физическа характеристика
Страници 720 с.
Размери/Мащаб 21 см
380 ## - Жанр
Жанр Худож. лит.
500 ## - Общи забележки
Забележка Ориг. загл. Freed / E. L. James. - Е. Л. Джеймс - псевд. на Erika Leonard.
852 ## - Местоположение
Фондова буква Заемна - подръчен фонд
Систематично-азбучна сигнатура 821-31/Д 50 Е
852 ## - Местоположение
Фондова буква Хранилище
Форматна сигнатура Цб 311542
999 ## - СИСТЕМНИ КОНТРОЛНИ НОМЕРА
Koha biblionumber 434385
Koha biblioitemnumber 434385
942 ## - АРТИКУЛИ
Вид на библиотечния материал Книги
Скрит в OPAC Не
Koha issues (borrowed), all copies 55
Периодичен библиозапис Да
944 ## - СЪЗДАВАНЕ И РЕДАКЦИЯ на ЗАПИСА
Създаване/Редакция Създаване
Дата на регистрацията/редакция 2021-10-22
Служител, извършил регистрацията/редакцията 30531
Статус, дата на статуса Цветелина Шанова
Наличности
Код за отписване Код за изгубен артикул Източник на класификационната схема Код за повреда Коз за рестрикции Код за отдаване Артикулен № Име на библиотеката - собственик Име на библиотеката, в която се намира в момента Статус (Текущо местоположение) Дата на вписване в системата Местоположение - отдел Цена в лева Систематично азбучна сигнатура Баркод Цена в евро Служебен тип на артикула
  Не е изгубен Universal Decimal Classification Не е повреден без рестрикции заемане за дома 858548 Регионална библиотека "Любен Каравелов" Русе Регионална библиотека "Любен Каравелов" Русе Заемна - подръчен фонд 2021-10-25 Заемна - подръчен фонд 14.99 821-31/Д 50 Е 120000861080 7.66 Книги
  Не е изгубен Universal Decimal Classification Не е повреден само за читалня ползва се в читалня 876971 Регионална библиотека "Любен Каравелов" Русе Регионална библиотека "Любен Каравелов" Русе Хранилище 2022-03-18 Хранилище 19.99 Цб 311542 120000869452 10.22 Книги
Vip Innovations Ltd, Rousse, Bulgaria 2025